LIBRARY & INFORMATION CENTRE, KCAET, TAVANUR

ONLINE PUBLIC ACCESS CATALOGUE (OPAC)

Water conservation measures and cropping pattern for a watershed using geospatial techniques and SWAT modelling (Record no. 17378)

MARC details
000 -LEADER
fixed length control field 00492nam a2200145 4500
003 - CONTROL NUMBER IDENTIFIER
control field OSt
082 ## - DEWEY DECIMAL CLASSIFICATION NUMBER
Classification number 631.45
Item number PAN/WA
088 ## - REPORT NUMBER
Report number T 498
100 ## - MAIN ENTRY--AUTHOR NAME
Personal name Panchamy Balan
245 ## - TITLE STATEMENT
Title Water conservation measures and cropping pattern for a watershed using geospatial techniques and SWAT modelling
260 ## - PUBLICATION, DISTRIBUTION, ETC. (IMPRINT)
Place of publication Tavanur
Name of publisher Department of IDE
Year of publication 2020
700 ## - ADDED ENTRY--PERSONAL NAME
Personal name Asha Joseph (guide)
856 ## - ELECTRONIC LOCATION AND ACCESS
Uniform Resource Identifier https://drive.google.com/file/d/1zVbAgPF537qzqu6YNidb5sMgsmtjzTxl/view?usp=sharing
942 ## - ADDED ENTRY ELEMENTS (KOHA)
Koha item type Theses
Holdings
Collection code Home library Current library Full call number Accession Number Koha item type Public note
Reference KAUAET KAUAET 631.45 PAN/WA T 498 Theses M.Tech Thesis
free website counter